Návrh montáže kotúčovej brzdy osobného automobilu

Enregistré dans:
Détails bibliographiques
Auteur principal: Janečka, Peter (Auteur)
Autres auteurs: Václav, Štefan (Directeur de thèse)
Format: Manuscrit Livre
Langue:slovaque
Publié: 2022
Sujets:
Accès en ligne:http://is.stuba.sk/zp/portal_zp.pl?podrobnosti=164569
Tags: Ajouter un tag
Pas de tags, Soyez le premier à ajouter un tag!

MARC

LEADER 00000ntm a22000003a 4500
001 stuzp89261
003 SK-STU
005 20220702211648.5
007 ta
008 150427s2015----xo-----f-mn---000-0-slo-d
040 |a STU  |b slo 
041 0 |a slo 
100 1 |a Janečka, Peter  |u 063000  |4 aut  |U MTF Materiálovotechnologická fakulta  |T MTF Ústav výrobných technológií  |X 103300  |U M3000  |Y 83  |7 103300 
242 0 1 |a Design assembly of a car brake passenger car  |y eng 
245 1 0 |a Návrh montáže kotúčovej brzdy osobného automobilu 
260 |c 2022 
650 4 |a brzdové systémy  |2 slo 
650 4 |a kotúčová brzda  |2 slo 
650 4 |a montáž  |2 slo 
650 4 |a car disc brake  |2 eng 
650 4 |a assembly  |2 eng 
650 4 |a brake systems  |2 eng 
700 1 |a Václav, Štefan  |u 063600  |k Z1  |4 ths  |U MTF Ústav výrobných technológií  |T MTF Katedra obrábania a tvárnenia  |X 2778  |U M3600  |Y 841  |7 A000002778 
856 4 |u http://is.stuba.sk/zp/portal_zp.pl?podrobnosti=164569 
996 |c M* BP-9372  |l MMSKP  |s P  |a 0  |w stuzp89261_0001